<?xml version="1.0" encoding="UTF-8"?>
<record
    xmlns:xsi="http://www.w3.org/2001/XMLSchema-instance"
    xsi:schemaLocation="http://www.loc.gov/MARC21/slim http://www.loc.gov/standards/marcxml/schema/MARC21slim.xsd"
    xmlns="http://www.loc.gov/MARC21/slim">

  <leader>01399nam0a2200397   4500</leader>
  <controlfield tag="001">RU\NLR\bibl\328941</controlfield>
  <controlfield tag="005">20260406082816.0</controlfield>
  <datafield tag="010" ind1=" " ind2=" ">
    <subfield code="a">5-89647-066-5</subfield>
    <subfield code="9">1000</subfield>
  </datafield>
  <datafield tag="021" ind1=" " ind2=" ">
    <subfield code="a">RU</subfield>
    <subfield code="b">2002-34739</subfield>
    <subfield code="9">1699</subfield>
  </datafield>
  <datafield tag="035" ind1=" " ind2=" ">
    <subfield code="a">(NLR Aleph) 000323919</subfield>
  </datafield>
  <datafield tag="090" ind1=" " ind2=" ">
    <subfield code="a">114589</subfield>
    <subfield code="c">114589</subfield>
  </datafield>
  <datafield tag="100" ind1=" " ind2=" ">
    <subfield code="a">20021016d2002    |||y0rusy50      ca</subfield>
  </datafield>
  <datafield tag="101" ind1="1" ind2=" ">
    <subfield code="a">rus</subfield>
  </datafield>
  <datafield tag="102" ind1=" " ind2=" ">
    <subfield code="a">RU</subfield>
  </datafield>
  <datafield tag="105" ind1=" " ind2=" ">
    <subfield code="a">y   |||||||||</subfield>
  </datafield>
  <datafield tag="200" ind1="1" ind2=" ">
    <subfield code="a">&#x415;&#x432;&#x430;&#x43D;&#x433;&#x435;&#x43B;&#x44C;&#x441;&#x43A;&#x438;&#x435; &#x43F;&#x440;&#x43E;&#x43F;&#x43E;&#x432;&#x435;&#x434;&#x438;</subfield>
    <subfield code="e">[&#x41F;&#x435;&#x440;&#x435;&#x432;&#x43E;&#x434;]</subfield>
    <subfield code="f">&#x413;&#x435;&#x43D;&#x440;&#x438; &#x414;&#x440;&#x430;&#x43C;&#x43C;&#x43E;&#x43D;&#x434;</subfield>
  </datafield>
  <datafield tag="210" ind1=" " ind2=" ">
    <subfield code="a">&#x41C;.</subfield>
    <subfield code="c">&#x411;&#x438;&#x431;&#x43B;&#x435;&#x439;&#x441;.-&#x431;&#x43E;&#x433;&#x43E;&#x441;&#x43B;. &#x438;&#x43D;-&#x442; &#x441;&#x432;. &#x430;&#x43F;. &#x410;&#x43D;&#x434;&#x440;&#x435;&#x44F;</subfield>
    <subfield code="d">2002</subfield>
  </datafield>
  <datafield tag="215" ind1=" " ind2=" ">
    <subfield code="a">140 &#x441;.</subfield>
    <subfield code="d">22</subfield>
  </datafield>
  <datafield tag="225" ind1="1" ind2=" ">
    <subfield code="a">&#x421;&#x435;&#x440;&#x438;&#x44F; "&#x427;&#x438;&#x442;&#x430;&#x44F; &#x411;&#x438;&#x431;&#x43B;&#x438;&#x44E;"</subfield>
  </datafield>
  <datafield tag="311" ind1=" " ind2=" ">
    <subfield code="a">&#x41F;&#x440;&#x438;&#x43B;. &#x43A; &#x436;&#x443;&#x440;&#x43D;. "&#x41C;&#x438;&#x440; &#x411;&#x438;&#x431;&#x43B;&#x438;&#x438;"</subfield>
  </datafield>
  <datafield tag="422" ind1=" " ind2="0">
    <subfield code="1">2001#$a&#x41C;&#x438;&#x440; &#x411;&#x438;&#x431;&#x43B;&#x438;&#x438;</subfield>
    <subfield code="t">&#x41C;&#x438;&#x440; &#x411;&#x438;&#x431;&#x43B;&#x438;&#x438;</subfield>
  </datafield>
  <datafield tag="606" ind1="0" ind2=" ">
    <subfield code="a">&#x41F;&#x440;&#x43E;&#x43F;&#x43E;&#x432;&#x435;&#x434;&#x438; &#x43F;&#x440;&#x43E;&#x442;&#x435;&#x441;&#x442;&#x430;&#x43D;&#x442;&#x441;&#x43A;&#x438;&#x435;</subfield>
    <subfield code="9">2079289</subfield>
    <subfield code="3">RU\NLR\auth\661255166</subfield>
  </datafield>
  <datafield tag="610" ind1="0" ind2=" ">
    <subfield code="a">&#x425;&#x440;&#x438;&#x441;&#x442;&#x438;&#x430;&#x43D;&#x441;&#x442;&#x432;&#x43E;</subfield>
  </datafield>
  <datafield tag="675" ind1=" " ind2=" ">
    <subfield code="a">274.2</subfield>
    <subfield code="v">3</subfield>
    <subfield code="z">rus</subfield>
  </datafield>
  <datafield tag="686" ind1=" " ind2=" ">
    <subfield code="a">21.15</subfield>
    <subfield code="2">rugasnti</subfield>
  </datafield>
  <datafield tag="686" ind1=" " ind2=" ">
    <subfield code="a">86.376</subfield>
    <subfield code="2">rubbk</subfield>
  </datafield>
  <datafield tag="686" ind1=" " ind2=" ">
    <subfield code="a">&#x42D;376-462.2</subfield>
  </datafield>
  <datafield tag="700" ind1=" " ind2="1">
    <subfield code="4">070</subfield>
    <subfield code="7">ca</subfield>
    <subfield code="8">rus</subfield>
    <subfield code="a">&#x414;&#x440;&#x443;&#x43C;&#x43C;&#x43E;&#x43D;&#x434;</subfield>
    <subfield code="b">&#x413;.</subfield>
    <subfield code="c">&#x431;&#x43E;&#x433;&#x43E;&#x441;&#x43B;&#x43E;&#x432;-&#x43D;&#x430;&#x442;&#x443;&#x440;&#x430;&#x43B;&#x438;&#x441;&#x442;</subfield>
    <subfield code="f">1851-1897</subfield>
    <subfield code="g">&#x413;&#x435;&#x43D;&#x440;&#x438;</subfield>
    <subfield code="3">RU\NLR\AUTH\770277534</subfield>
    <subfield code="9">2649501</subfield>
  </datafield>
  <datafield tag="801" ind1=" " ind2="0">
    <subfield code="a">RU</subfield>
    <subfield code="b">RKP</subfield>
    <subfield code="c">20021016</subfield>
    <subfield code="g">PSBO</subfield>
  </datafield>
  <datafield tag="801" ind1=" " ind2="1">
    <subfield code="a">RU</subfield>
    <subfield code="b">RKP</subfield>
    <subfield code="c">20021016</subfield>
  </datafield>
  <datafield tag="801" ind1=" " ind2="2">
    <subfield code="a">RU</subfield>
    <subfield code="b">NLR</subfield>
    <subfield code="c">20091223</subfield>
    <subfield code="g">rcr</subfield>
  </datafield>
  <datafield tag="942" ind1=" " ind2=" ">
    <subfield code="c">BOOK</subfield>
  </datafield>
  <datafield tag="980" ind1=" " ind2=" ">
    <subfield code="a">NB</subfield>
  </datafield>
  <datafield tag="995" ind1=" " ind2=" ">
    <subfield code="5">2002-10-31</subfield>
    <subfield code="a">ad</subfield>
    <subfield code="b">NLR01</subfield>
    <subfield code="c">NLR01</subfield>
    <subfield code="e">RF8</subfield>
    <subfield code="f">359386</subfield>
    <subfield code="k">2002-5/6220</subfield>
    <subfield code="o">0</subfield>
    <subfield code="r">BOOK</subfield>
    <subfield code="s">200256220_</subfield>
  </datafield>
  <datafield tag="995" ind1=" " ind2=" ">
    <subfield code="5">2002-10-31</subfield>
    <subfield code="a">ad</subfield>
    <subfield code="b">NLR01</subfield>
    <subfield code="c">NLR01</subfield>
    <subfield code="e">RF8</subfield>
    <subfield code="f">1-4504235</subfield>
    <subfield code="k">2002-5/6220</subfield>
    <subfield code="o">0</subfield>
    <subfield code="r">BOOK</subfield>
    <subfield code="s">200256220_</subfield>
  </datafield>
</record>
